000 00930nam a2200253 a 4500
003 OSt
005 20240306145837.0
008
020 _a0192628704 (hardbook. )
040 _cNUST
_aNUST
_beng
_dNUST
050 _aREF RC46CON
100 _aLedingham and Warrell
_d2000
_eCo-authors
245 0 0 _aConcise Oxford textbook of medicine
_cEdited by John G.G. Ledingham, David A. Warrell.
260 _aOxford :
_bOxford University Press,
_c2000.
300 _axxiv, 2007 pages
_billustrations. (some col.) and maps ;
_c29 cm.
336 _2rdacontent
_atext
_btxt
337 _2rdamedia
_aunmediated
_bn
338 _2rdacarrier
_avolume
_bnc
504 _aIncludes Bibliographical References and Indexes.
650 0 _aInternal medicine.
700 1 _aLedingham, J. G. G.
_d2000
_eCo-author
700 1 _aWarrell, D. A.
_d2000
_eCo-author
942 _cBOOKS
_kREF RC46
_2lcc
_iRC46
_n0
999 _c112371
_d112371